100 Walking Dead Characters - Statistics

General Stats
  • This quiz has been taken 247 times
    244 since last reset
  • The average score is 45 of 100
Answer Stats
Hint Answer % Correct
Original survivor from Alexandria who has a spiked mace arm Aaron
91%
Former military sergeant with a colorful personality Abraham Ford
83%
Leader of the Whisperers Alpha
83%
Leader's son who lost one eye Carl Grimes
71%
Biker with a crossbow and attitude Daryl Dixon
71%
Owner and driver of the RV Dale Horvath
67%
Woke up in a hospital in season 5 Beth Greene
66%
Attorney and voice of reason between the main group and Woodbury Andrea Harrison
65%
Housewife converted survivor who has lost multiple children Carol Peletier
65%
Former zookeeper and leader of the Kingdom with his pet Shiva Ezekiel Sutton
65%
Korean pizza deliverer who saves the protagonist Glenn Rhee
65%
Former music artist and 2nd in command of the Whisperers Beta
64%
Lied about being a scientist and to cure the walkers Eugene Porter
64%
Cowardly turned heroic priest Gabriel Stokes
63%
Wise owner of the farm and namesake of his daughter's son Hershel Greene
63%
Had a half burnt face and betrayed the Saviors in All Out War Dwight
62%
"Little Ass Kicker" Judith Grimes
62%
Original leader of Alexandria Deanna Monroe
61%
Wields a samurai sword Michonne Grimes
59%
Leader of the Saviors who owns his barbed wire bat Negan Smith
59%
Wife who was named after a baseball bat Lucille
58%
Younger sister of below Amy
57%
Completely deaf journalist who survives in a haunted house and a cave collapse Connie
57%
Hilltop's primary warrior and defender known by a biblical name Jesus
57%
Selfish, original leader of Hilltop Gregory
56%
Optimistic best friend of the leader of the Kingdom Jerry
56%
Insane kid who killed her own sister for her to turn Lizzie Samuels
56%
Field doctor and former alcoholic who screamed "Tainted meat!!!" Bob Stookey
55%
Crazed head officer of the hospital Dawn Learner
55%
Last surviving doctor of the CDC Edwin Jenner
55%
Mysterious girl from Alexandria Enid
55%
Adopted son of the leader of the Kingdom who tragically lost his older brother Henry
55%
Chose to stay in the CDC while it was self destructing Jacqui
55%
Hunter who accidentally shot the protagonist's son Otis
55%
Shockingly revealed to be dead in the barn Sophia Peletier
54%
Cannibalistic leader of Terminus Gareth
53%
Known as the "Widow" in All Out War Maggie Rhee
53%
First antagonist of the show and best friend of the protagonist Shane Walsh
53%
Leader of Woodbury who had a room full of walker heads The Governor
53%
Former prisoner with a moustache and southern drawl Axel
52%
Leader of the Scavengers who exits the show by leaving in a helicopter Jadis
52%
Dug holes outside of the Atlanta Camp Jim
52%
Stick wielder who is either pacifist or "clear" state of mind Morgan Jones
52%
Child of the leader of the Whisperers Lydia
51%
Redneck with a metal speared arm Merle Dixon
50%
Partner of the primary recruiter of Alexandria Eric
49%
Mother of her daughter Coco, and has slept with 4 people on this quiz Rosita Espinosa
49%
Protagonist's first love interest who had an abusive husband and annoying kids Jessie Anderson
48%
Savior who lost his family after leaving the Atlanta Camp Morales
47%
Ward saved from the hospital Noah
47%
Survivor found in Washington D.C. with a pink jacket Princess
47%
Questionable mother stuck in a love triangle Lori Grimes
46%
Accidentally found Oceanside and gives fist bumps Tara Chambler
46%
Whisperer that turns on her group to save her niece Gamma
43%
Performed tests on walkers in Woodbury Milton Mamet
43%
Cowardly supply runner of Alexandria who killed himself Nicholas
42%
Savior who fought for leadership in a duel Simon
42%
Former cop, leader of his aforementioned group Rick Grimes
41%
Sympathetic savior who eventually gained the trust of the main group Alden
40%
Randomly disappeared in a supply run Heath
40%
Works with her journalist sister who is hard on hearing Kelly
40%
New doctor of Alexandria who suffers PTSD Siddiq
40%
2nd in command of the Reapers and original owner of Dog Leah Shaw
39%
The main group's most skilled sniper Sasha Williams
39%
Football player who carried around a hammer Tyreese Williams
39%
Doctor who mistakenly let out of the Alexandrian walls Denise
38%
Leader of the Claimers who owned the Red Machete Joe
38%
Leader of Woodbury's right hand man who led another group in Season 4 Martinez
38%
Designed the walls of Alexandria Reg Monroe
38%
Music lover who falls in love with Jules Luke Abrams
35%
One of the leader's wives that ran from the Saviors Sherry
35%
Military commander of the Commonwealth Michael Mercer
34%
Leader of the Commonwealth Pamela Milton
34%
Harvard graduate and former law attorney Yumiko Okumura
34%
Leader of Oceanside after her grandmother's death Cyndie
31%
Alexandrian supply handler who slapped the Savior's leader Olivia
31%
Leader of the Reapers Pope
31%
Kid held captive by the main group in the barn Randall
31%
Unsuccessfully tried to overthrow the protagonist in Season 7 Spencer Monroe
31%
Savior lieutenant who dealt with the Kingdom Gavin
30%
Had a brief relationship with the leader of Woodbury Lilly Chambler
30%
Went by the name of "Stephanie" while talking on the radio Maxxine Mercer
29%
Quiet young survivor with sickles and a mask Elijah
27%
Hilltop doctor that ran from the Saviors Harlan Carson
26%
Deputy Governor of the Commonwealth Lance Hornsby
26%
Bow wielding soldier of the Kingdom Dianne
25%
Prisoner who was killed at Woodbury Oscar
25%
The Commonwealth leader's bratty son Sebastian Milton
25%
Alexandrian construction worker killed by poison Tobin
24%
Leader of her own group found in Season 9 Magna
23%
Leader of the Wolves Owen
22%
Most likely the second ever person to join the saviors Laura
21%
Reaper who often opposed the second in command Brandon Carver
20%
Known as the "Cheese Man" Eastman
18%
Pregnant leader of the Riverbend people Annie
17%
Doctor in the Commonwealth who is siblings with one of the main characters Tomichi Okumura
17%
Kidnapped survivors on an island who joined the main group Virgil
17%
Savior lieutenant who resisted the main group after All Out War Regina
11%
Quiet, religious man known more by his nickname Theodore Douglas
9%
Commonwealth solider that tries to kill the leader in public Tyler Davis
4%
No matching quizzes found
Score Distribution
Percent of People with Each Score
Percentile by Number Answered
Your Score History
You have not taken this quiz since the last reset